Sports Quiz

Random Sports or Football Quiz

Name the Colleges of Former/Active NFL Players Quiz Stats

 Plays Quiz not verified by Sporcle

Score 0/50 Timer 10:00
0 Plays Today
Players Answer % Correct
A.J. GREENGEORGIA
92.7%
RICKY WILLIAMSTEXAS
91.7%
DREW BREESPURDUE
91.7%
ELI MANNINGMISSISSIPPI
91.7%
ROB GRONKOWSKIARIZONA
90.8%
SAMMY WATKINSCLEMSON
90.8%
RAY LEWISMIAMI
89.3%
MARK SANCHEZUSC
88.8%
MATT RYANBOSTON COLLEGE
87.4%
KIRK COUSINSMICHIGAN STATE
86.4%
JOE MIXONOKLAHOMA
85.9%
TIKI BARBERVIRGINIA
84%
MELVIN GORDONWISCONSIN
83.5%
DAK PRESCOTTMISSISSIPPI STATE
83.5%
COLIN KAEPERNICKNEVADA
81.6%
MIKE VICKVIRGINIA TECH
81.6%
MIKE EVANSTEXAS A&M
81.1%
GOLDEN TATENOTRE DAME
80.6%
RYAN FITZPATRICKHARVARD
80.6%
RANDY MOSSMARSHALL
80.1%
KHALIL MACKBUFFALO
78.6%
DESEAN JACKSONCALIFORNIA
78.6%
SHAUN ALEXANDERALABAMA
76.7%
LADAINIAN TOMLINSONTCU
75.7%
CRIS COLLINSWORTHFLORIDA
72.8%
Players Answer % Correct
DAN MARINOPITTSBURGH
72.3%
PHILIP RIVERSNC STATE
71.4%
CRIS CARTEROHIO STATE
70.9%
WARREN MOONWASHINGTON
69.4%
STEFON DIGGSMARYLAND
68.4%
TONY ROMOEASTERN ILLINOIS
68%
ANQUAN BOLDINFLORIDA STATE
66.5%
JASON WITTENTENNESSEE
65%
RAY RICE RUTGERS
65%
JONATHAN STEWARTOREGON
65%
ZACH ERTZSTANFORD
63.1%
DREW BLEDSOEWASHINGTON STATE
58.3%
TYREEK HILLOKLAHOMA STATE
55.8%
JAY AJAYIBOISE STATE
52.9%
MARVIN HARRISONSYRACUSE
50%
PAT MCAFEEWEST VIRGINIA
48.5%
MARSHALL FAULKSAN DIEGO STATE
46.6%
MATT FORTETULANE
45.6%
DAVANTE ADAMSFRESNO STATE
42.7%
STEVE MCNAIRALCORN STATE
40.3%
JERRY RICEMISSISSIPPI VALLEY STATE
40.3%
JARED ALLENIDAHO STATE
19.9%
ISAAC BRUCEMEMPHIS
18.9%
WAYNE CHREBETHOFSTRA
18.4%
MICHAEL STRAHANTEXAS SOUTHERN
15%
Remove Ads.
Support Sporcle.
Get the best of Sporcle when you Go Orange. This ad-free experience offers more features, more stats, and more fun while also helping to support Sporcle. Thank you for becoming a member.

You're not logged in!

Compare scores with friends on all Sporcle quizzes.
OR
Log In

Show Comments

Extras

Top Quizzes Today


Score Distribution

Your Account Isn't Verified!

In order to create a playlist on Sporcle, you need to verify the email address you used during registration. Go to your Sporcle Settings to finish the process.

Report this User

Report this user for behavior that violates our Community Guidelines.

Details: